000 00360nam a22001457a 4500
008 250429b |||||||| |||| 00| 0 eng d
020 _a1403911126
050 _aJC 11
_b.G38
100 _aGuba O P
245 _aA Introduction To Political Theory
250 _a4th
260 _aNew Delhi, India
_bMcmillan India lLtd.
_c2003
300 _a509p.
942 _cBK
999 _c3263
_d3263